Genetic polymophism study of the methylenetetrahydrofolate reductase (MTHFR) and renin angiotensin system (RAS) in Malaysian ischaemic stroke population /
محفوظ في:
| المؤلف الرئيسي: | |
|---|---|
| التنسيق: | أطروحة كتاب |
| اللغة: | English |
| منشور في: |
2010.
|
| الموضوعات: | |
| الوسوم: |
إضافة وسم
لا توجد وسوم, كن أول من يضع وسما على هذه التسجيلة!
|
| LEADER | 01159cam a2200277 a 4500 | ||
|---|---|---|---|
| 001 | u831274 | ||
| 003 | SIRSI | ||
| 005 | 201106141038 | ||
| 008 | 110614s2010 my a t 000 0 eng m | ||
| 040 | |a UMP | ||
| 043 | |a a-my--- | ||
| 096 | |a WB100 |b UM 2010 Elshmm | ||
| 100 | 0 | |a Elsa Haniffah Mejia Mohamed. | |
| 245 | 1 | 0 | |a Genetic polymophism study of the methylenetetrahydrofolate reductase (MTHFR) and renin angiotensin system (RAS) in Malaysian ischaemic stroke population / |c Elsa Haniffah Mejia Mohamed. |
| 260 | |c 2010. | ||
| 300 | |a xix, 116 leaves : |b col. ill. ; |c 30 cm. | ||
| 502 | |a Dissertation (M. Med. Sc.) -- Department of Medicine, Faculty of Medicine, University of Malaya, 2010. | ||
| 504 | |a Bibliography: leaves 103-115. | ||
| 650 | 1 | 2 | |a Polymorphism, Genetic |z Malaysia. |
| 650 | 2 | 2 | |a Methylenetetrahydrofolate Reductase (NADPH2) |x deficiency |z Malaysia. |
| 650 | 2 | 2 | |a Angiotensins |x metabolism |z Malaysia. |
| 650 | 2 | 2 | |a Renin |x metabolism |z Malaysia. |
| 710 | 1 | |a Universiti Malaya. |b Jabatan Perubatan. | |
| 900 | |a RAH | ||
| 596 | |a 2 | ||
| 999 | |a WB100 UM 2010 ELSHMM |w NLM |c 1 |i A514400055 |d 3/8/2011 |f 3/8/2011 |g 1 |l TESIS |m P02MEDKL |r Y |s Y |t TESIS |u 3/8/2011 | ||
